000 00456nam a2200181Ia 4500
001 8617
005 20260306160622.0
008 260306t2014||||xx |||||||||||||| ||spa||
041 _aESP
082 _a371.2
_bM86
100 _aMoreno Barrera, Francisco Javier
_eAUT
245 0 _aEl logro educativo:
_bqué es y cómo facilitarlo
260 _c2014
300 _a2014 páginas :
_c21 cm.
650 _aGEN
654 _aCED
942 _cLIB
_dJUS
_fJUS
_2ddc
_n
999 _c8617
_d8617